LEADER 03705nam 2200937 450 001 9910797479003321 005 20180111011122.0 010 $a1-78238-769-2 024 7 $a10.1515/9781782387695 035 $a(CKB)3710000000449038 035 $a(EBL)1816394 035 $a(SSID)ssj0001520170 035 $a(PQKBManifestationID)12557895 035 $a(PQKBTitleCode)TC0001520170 035 $a(PQKBWorkID)11525030 035 $a(PQKB)10952307 035 $a(MiAaPQ)EBC1816394 035 $a(DE-B1597)637278 035 $a(DE-B1597)9781782387695 035 $a(EXLCZ)993710000000449038 100 $a20150731h20152015 uy 0 101 0 $aeng 135 $aurcnu|||||||| 181 $ctxt 182 $cc 183 $acr 200 14$aThe rhythm of eternity $ethe German youth movement and the experience of the past, 1900-1933 /$fRobbert-Jan Adriaansen 210 1$aNew York ;$aOxford, [England] :$cBerghahn Books,$d2015. 210 4$d©2015 215 $a1 online resource (227 p.) 225 1 $aMaking Sense of History ;$vVolume 22 300 $aIncludes index. 311 $a1-78238-768-4 327 $aThe Rhythm of Eternity ; Contents; Illustrations; Preface; Introduction The German Youth Movement and the Problem of History ; CHAPTER 1 Wandervogel, Freideutsche Jugend and the Spirit of 1813 ; CHAPTER 2 The Experience of the Past ; CHAPTER 3 The Postwar Crisis of Experience and the Religious Turn ; CHAPTER 4 Immanent Eschatology and Medieval Forms ; CHAPTER 5 In Search of the Spiritual Motherland ; Conclusion; Sources and Literature ; Index 330 $aThe Weimar era in Germany is often characterized as a time of significant change. Such periods of rupture transform the way people envision the past, present, and future. This book traces the conceptions of time and history in the Germany of the early 20th century. By focusing on both the discourse and practices of the youth movement, the author shows how it reinterpreted and revived the past to overthrow the premises of modern historical thought. In so doing, this book provides insight into the social implications of the ideological de-historicization of the past. 410 0$aMaking sense of history ;$vVolume 22. 606 $aYouth movements$zGermany$xHistory$y20th century 606 $aYouth$zGermany$xHistory$y20th century 607 $aGermany$xCivilization$y20th century 610 $a20th century. 610 $aberlin. 610 $acivic. 610 $aconflict. 610 $aconservative revolution. 610 $acultural atmosphere. 610 $aearly 20th century. 610 $aengaging. 610 $aeurope. 610 $aeuropean history. 610 $afolk culture. 610 $agerman history. 610 $agerman youth movement. 610 $agerman youth. 610 $agermany. 610 $agovernment and governing. 610 $ahardship. 610 $ahistorical context. 610 $ahistorical culture. 610 $ahistorical memory. 610 $ahistorical theory. 610 $ahistory. 610 $aphilosophical ideas. 610 $apostwar crisis. 610 $apower struggle. 610 $are-imagining the past. 610 $arealistic. 610 $arevolt. 610 $asocial implications. 610 $aweimar era. 610 $aweimar republic. 615 0$aYouth movements$xHistory 615 0$aYouth$xHistory 676 $a324/.3 700 $aAdriaansen$b Robbert-Jan$01544777 801 0$bMiAaPQ 801 1$bMiAaPQ 801 2$bMiAaPQ 906 $aBOOK 912 $a9910797479003321 996 $aThe rhythm of eternity$93799236 997 $aUNINA LEADER 05273nam 2200637 450 001 9910811898703321 005 20220526235807.0 010 $a3-86527-966-X 024 7 $a10.31819/9783865279668 035 $a(CKB)3240000000093241 035 $a(SSID)ssj0000716110 035 $a(PQKBManifestationID)12302793 035 $a(PQKBTitleCode)TC0000716110 035 $a(PQKBWorkID)10717634 035 $a(PQKB)10584630 035 $a(MiAaPQ)EBC3225728 035 $a(DE-B1597)516573 035 $a(OCoLC)777172113 035 $a(DE-B1597)9783865279668 035 $a(MiAaPQ)EBC6346758 035 $a(Au-PeEL)EBL6346758 035 $a(OCoLC)991926842 035 $a(FlNmELB)ELB55323 035 $a(EXLCZ)993240000000093241 100 $a20220526d2010 uy 0 101 0 $aspa 135 $aurcnu|||||||| 181 $ctxt 182 $cc 183 $acr 200 03$aLa Biblia en la literatura del Siglo de Oro /$fedited by Ignacio Arellano, Ruth Fine 210 1$aMadrid, Spain ;$aFrankfurt am Main, Germany :$cIberoamericana :$cVervuert,$d[2010] 210 4$d©2010 215 $a1 online resource (477 pa?ginas) 225 0 $aBiblioteca Áurea Hispánica ;$v56 300 $aCollected essays. 311 0 $a84-8489-446-0 320 $aIncludes bibliographical references. 327 $tFront matter --$tÍNDICE --$tPresentación /$rFine, Ruth / Arellano, Ignacio --$tArias Montano y la tradición filológica humanista en España /$rAlburquerque García, Luis --$tEcos de la Biblia en el Quijote: Abrahán y don Quijote. La burra de Balaam y el relato del rebuzno /$rOlmos, Santiago Ausín --$tLa Biblia en los corrales de comedias: Tirso y Calderón /$rBenabu, Isaac --$tEl imaginario bíblico y la historiografía misionera novohispana /$rBoruchoff, David A. --$tQuevedo, El Buscón cap. III, y «dizer tefilá» /$rBrown, Kenneth --$tBiblia y refranero español del Siglo de Oro: el Vocabulario de Correas /$rCasado Velarde, Manuel / Varo, Francisco --$tUn ejemplo del marco bíblico de la literatura reformadora proto-picaresca /$rColahan, Clark --$tReferencias bíblicas en la obra de Mateo Alemán /$rEstela-Guillemont, Michèle --$tEl canon veterotestamentario: historia, hermenéutica y teología en la primera obra devota de Jorge de Montemayor /$rde Llobet, Lola Esteva --$tLa presencia de la Biblia en la obra teatral de Cervantes /$rFine, Ruth --$tLa Biblia en la obra literaria de Sor Juana Inés de la Cruz /$rGarcía Valdés, Celsa Carmen --$tEl Me'am Lo'ez de Rabbi Ya'akov Khulí (Julí) (1730): un comentario en ladino al libro del Génesis /$rMeyuhas Ginio, Alisa --$t«Mi alma tuvo sed de ti...»: San Juan de la Cruz y sus dos versiones del Psalmo 62[63], 2 /$rGirón Negrón, Luis M. --$tSiglo de Oro y Biblia: una perspectiva otomana /$rGutwirth, Eleazar --$t«La lengua santa, fuente y principio de todas las demás». Sobre el estado privilegiado del hebreo en el Tesoro de la lengua castellana o española de Covarrubias /$rHasson, Or --$tPresencias bíblicas en La vida es sueño /$rHerraiz de Tresca, Teresa --$tLa ley de Moisés en un certamen poético del siglo XVI /$rHerrera, Arnulfo --$tSor Juana o la poética del silencio (Primera Epístola a los Corintios, 14, 34, según la Respuesta a Sor Filotea) /$rIllades Aguiar, Gustavo --$tLa inspiración de la Biblia y de la liturgia en la obra de Antonio Enríquez Gómez (1600-1663) /$rKramer-Hellinx, Nechama --$tLos elementos bíblicos y la alegoría en el auto sacramental La siembra del Señor de Calderón /$rMata Induráin, Carlos --$tDurandarte y el grave eclesiástico, una cuestión de tiempos y libros /$rParodi, Alicia --$tRojas Zorrilla y los motivos bíblicos: Los trabajos de Tobías ante la crítica /$rPedraza Jiménez, Felipe B. --$tEl José otomano del Séfer Me'am lo'ez de Bere?it (1730): entre ficción y realidad social /$rQuintana, Aldina --$tLa historia de José y la mujer de Putifar (Génesis, 39, 7-20): conjunción de las tradiciones bíblica y clásica en Cervantes (La Gitanilla y Persiles 4.7) /$rSalgado, Ofelia N. --$tExégesis bíblica y poesía en la paráfrasis del salmo 102 de fray Luis de León /$rSan José Lera, Javier --$tEl quechua y la Biblia en el Tercero Catecismo y exposición de la doctrina cristiana por sermones (Lima, 1585) /$rSzemi?ski, Jan --$tLos cuatro sentidos bíblicos y los autos /$rVillanueva Fernández, Juan Manuel 330 $aColección de textos en torno al libro de mayor centralidad para la cultura judeocristiana, la Biblia, y a su captación y reelaboración durante el Siglo de Oro, así como en las culturas sefardí e hispanoamericana de la época. 410 0$aBiblioteca Aurea hispa?nica ;$vVolume 56. 606 $aSpanish literature$yClassical period, 1500-1700$xHistory and criticism 607 $aSpain$xReligious life and customs 607 $aSpain$xIntellectual life 615 0$aSpanish literature$xHistory and criticism. 676 $a860.93822 686 $aIO 1558$2rvk 702 $aArellano$b Ignacio 702 $aFine$b Ruth 801 0$bMiAaPQ 801 1$bMiAaPQ 801 2$bMiAaPQ 906 $aBOOK 912 $a9910811898703321 996 $aLa Biblia en la literatura del Siglo de Oro$93933729 997 $aUNINA